| 000 | 01544nam a2200373Ia 4500 | ||
|---|---|---|---|
| 001 | dia_6285 | ||
| 003 | CHAP | ||
| 005 | 20240417123925.0 | ||
| 008 | 220117s2000 xx 000 0 und d | ||
| 010 | _a177685 | ||
| 020 | _a970-613-579-0 | ||
| 040 | _cCHAP | ||
| 082 | _a333.8230973 K54 2000 | ||
| 100 |
_aKleiner, Art _9161867 |
||
| 245 |
_aEl cambio basado en el aprendizaje : realidades sobre la transformación corporativa / _c Art Klein y George Roth ; colaboración Ann Thomas, Toni Gregory y Edward Hamell ; traducción María del Pilar Carril Villarreal |
||
| 260 |
_aMéxico : _b Oxford University Press, _c2000 |
||
| 300 | _axxx, 234 p. | ||
| 500 | _aTítulo original: Oil change: perspectives on corporate transformation | ||
| 503 | _aC/e | ||
| 590 | _aHD9565 K54 2000 | ||
| 650 |
_aCambio organizacional _xEstados Unidos _xEstudio de casos _9161868 |
||
| 650 |
_aIndustria del petróleo _xEstados Unidos _xAdministración _xEstudio de casos _9161869 |
||
| 650 |
_aOrganizational change _xUnited States _xCase studies _9161870 |
||
| 650 |
_aPetroleum industry and trade _xUnited States _xManagement _xCase studies _9161871 |
||
| 700 | 1 |
_aCarril Villarreal, María del Pilar _9161872 |
|
| 700 |
_aGregory, Toni, colab. _9161873 |
||
| 700 |
_aHamell, Edward, colab. _9161874 |
||
| 700 |
_aRoth, George, coaut. _9161875 |
||
| 700 |
_aThomas, Ann, colab. _9161876 |
||
| 901 | _a333.8230973 K54 2000 | ||
| 902 | _aA | ||
| 905 | _a5232272000 mx a 8222223322spa16 | ||
| 942 |
_cLIBRO _2ddc |
||
| 999 |
_c177685 _d177685 |
||